000 00735nam a2200229 a 4500
001 48859
003 BD-RjUL
005 20211209054610.0
008 160816s1988 bg ||||| |||| 00| p ben d
020 _c: Tk. 30.00
035 _a(BD-RjUL) 48978
040 _aBD-RjUL
_bben
_cBD-RjUL
041 _aben
082 _223
_a891.441
_bSHV 1988
100 1 _aশফিক, মাহমুদ
_9147245
245 1 0 _aভেতরে নীরব যাত্রী /
_cমাহমুদ শফিক
260 _aঢাকা :
_bআলী আকবর,
_c১৯৮৮
300 _a৬৪ পৃ. ;
_c২১ সেমি.
650 _aবাংলা কবিতা
_9147246
650 _aBengali Poetry
_9147247
942 _2ddc
_cBK
999 _c48859
_d48859